000 00782nam a2200229 a 4500
001 57380
003 BD-RjUL
005 20211209080513.0
008 161208s1959 bg ||||| |||| 00| 0 ben d
035 _a(BD-RjUL)57504
040 _aBD-RjUL
_b ben
_cBD-RjUL
041 _aben
082 _223
_a297.61
_bKHC 1959
100 _aখালেক, আব্দুল
_9170417
245 1 0 _aছাইয়েদুল মুরছালীন /
_cআব্দুল খালেক
260 _aঢাকা :
_bইষ্ট বেঙ্গল বুক,
_c১৯৫৯
300 _aখণ্ড. ;
_c২৫ সেমি.
505 _aখণ্ড ২ --
650 _aইসলামী নেতা
_9170329
650 _aIslamic Leader
_9170330
942 _2ddc
_cBK
999 _c57380
_d57380